| 000 | 00505 a2200109 4500 | ||
|---|---|---|---|
| 001 | ART_23457 | ||
| 005 | 20260410161918.0 | ||
| 008 | 260409a | ||
| 245 | 1 | 0 | _aExteriorización de acciones de inclusión laboral de jóvenes a través de indicadores de desempeño social y conclusiones de relevamientos empíricos efectuados |
| 100 | 1 | _aPiacquadío, Cecilia | |
| 773 | 0 |
_tDocumentos de trabajo de contabilidad, auditoría y responsabilidad social _g- Año 3, Nº 6 (dic. 2013) _wREV14385 |
|
| 999 |
_c27461 _d27461 |
||